=LDR 00000nam 2200000 4500 =001 INLIS000000000039796 =005 20130612145413 =008 ************************************* =035 ##$$0010-061300000039796 =082 ##$$a 813 =090 ##$$a 813 Dea k =100 ##$$a Deaver, Jeffery =245 ##$$a Kartu kedua belas, The Twelfth Card, Jeffery Deaver =260 ##$$a 2009 $b Jakarta =300 ##$$a 671 hlm, ilus, 18 cm =850 ##$$a NBPNMAT